000 01019nam a2200265Ia 4500
003 OSt
005 20220923212420.0
006 a|||||r|||| 00| 0
007 ta
008 220922b |||||||| |||| 00| 0 hin d
024 _a152,754
037 _cTextual
040 _aARTS
_cARTS
_bhin
041 _2hin
_ahin
082 _aO122vN5, 152H3
100 _aसान्याल, भूपेन्द्र नाथ
_9162458
245 0 _aफ्रेंच साहित्य का इतिहास
246 _aFreancha sāhitya kā itihāsa
260 _aउत्तर प्रदेश
_b हिन्दी समीति सूचना विभाग
_c1963
300 _a16]330 पृ.
_ccm.
490 _aहिन्दी-समिति ग्रन्थमाला; 69
650 _aहिन्दी साहित्य
_9156264
942 _hO122vN5, 152H3
_cTEXL
_2CC
999 _c308403
_d308403